000
00239nam a22000857a 4500
008
170113b xxu||||| |||| 00| 0 eng d
100
_9
2401
_a
Madan. M
245
_a
Log on : To the Computer world-1
260
_a
New Delhi
_b
Navdeep Publication
_c
2004
999
_c
5417
_d
5417